Sports Quiz

Random Sports or NBA Quiz
Score 0/24 Timer 08:00
0 Plays Today
Teams Player % Correct
MIL (1x), SEA (1x), BOS (2x)Ray Allen
93.5%
MEM (2x), LAL (4x), CHI (1x)Pau Gasol
79.6%
NJN (1x), ORL (1x), DAL (1x)Vince Carter
77.6%
PHO (1x), ATL (1x), BRK (1x)Joe Johnson
74.1%
ORL (1x), LAL (4x), MIA (2x)Shaquille O'Neal
71.6%
VAN (2x), SAC (2x), ATL (1x)Mike Bibby
67.7%
ATL (2x), MIA (1x), POR (2x)Steve Smith
64.2%
NYK (1x), GSW (1x), ATL (1x), LAC (2x)Jamal Crawford
63.2%
GSW (1x), WSB (1x), SAC (1x), PHI (1x)Chris Webber
60.7%
GSW (1x), DAL (1x), IND (1x)Monta Ellis
60.2%
OKC (1x), BOS (1x), WAS (1x)Jeff Green
59.2%
BOS (1x), MIN (1x), MIA (1x)Ricky Davis
58.2%
Teams Player % Correct
LAL (1x), HOU (1x), CHA (1x)Dwight Howard
57.7%
DET (1x), ORL (1x), PHO (1x)Grant Hill
57.2%
MIL (1x), MIN (1x), LAC (1x)Sam Cassell
54.2%
LAC (1x), DEN (3x), PHI (2x)Andre Miller
53.2%
MIN (1x), NJN (1x), NYK (1x)Stephon Marbury
49.8%
PHI (1x), DET (1x), WAS (1x)Jerry Stackhouse
46.8%
POR (1x), PHO (3x), DET (1x), GSW (1x)Clifford Robinson
41.3%
SAC (1x), NOP (2x), MEM (1x)Tyreke Evans
36.3%
NJN (2x), PHI (1x), CHH (1x)Derrick Coleman
34.8%
GSW (1x), WAS (1x), CLE (1x)Larry Hughes
34.8%
CHI (1x), IND (2x), SAC (1x), HOU (1x)Metta World Peace
33.3%
GSW (1x), UTA (1x), CHI (1x), TOR (1x)Donyell Marshall
16.9%
Remove Ads.
Support Sporcle.
Get the best of Sporcle when you Go Orange. This ad-free experience offers more features, more stats, and more fun while also helping to support Sporcle. Thank you for becoming a member.

You're not logged in!

Compare scores with friends on all Sporcle quizzes.
OR
Log In

Show Comments

Extras

Top Quizzes Today


Score Distribution

Your Account Isn't Verified!

In order to create a playlist on Sporcle, you need to verify the email address you used during registration. Go to your Sporcle Settings to finish the process.

Report this User

Report this user for behavior that violates our Community Guidelines.

Details: